000
00200 a2200097 4500
001
42234
100
_a
Crisp T
245
_a
Transport
260
_a
_b
Thomas Nelson & Sons
_c
090
_c
26210
_d
26210
942
_a
NUST-CAE
_c
M
_c
18015
999
_c
277307
_d
277307